Catálogo - Centro de Recursos para el Aprendizaje y la Investigación

Volver al Sitio - CRAI Biblioteca

Los mangos bajitos y otras décimas / (Registro nro. 114681)

Detalles MARC
000 -CABECERA
campo de control de longitud fija 01769nam a2200373 4500
001 - NÚMERO DE CONTROL
campo de control 114681
003 - IDENTIFICADOR DEL NÚMERO DE CONTROL
campo de control DR-UNIBE
005 - FECHA Y HORA DE LA ÚLTIMA TRANSACCIÓN
campo de control 20260525140931.0
008 - DATOS DE LONGITUD FIJA--INFORMACIÓN GENERAL
campo de control de longitud fija 260522b2018 dr ||||| |||| 00| 1 spa d
020 ## - NÚMERO INTERNACIONAL ESTÁNDAR DEL LIBRO
Número Internacional Estándar del Libro 9789945195798
040 ## - FUENTE DE LA CATALOGACIÓN
Centro catalogador/agencia de origen BIBLIOTECA UNIBE
Lengua de catalogación spa
Centro/agencia transcriptor BIBLIOTECA UNIBE
Normas de descripción rda
041 ## - CÓDIGO DE LENGUA
Código de lengua del texto/banda sonora o título independiente spa
090 ## - LOCALMENTE ASIGNADO TIPO-LC NÚMERO DE CLASIFICACIÓN (OCLC); NÚMERO DE CLASIFICACIÓN LOCAL (RLIN)
Número de clasificación (OCLC) (R) ; Numero de clasificación, CALL (RLIN) (NR) FBIU L D AL414m
100 10 - ENTRADA PRINCIPAL--NOMBRE DE PERSONA
Nombre de persona Alix, Juan Antonio,
Fechas asociadas al nombre 1833-1918
9 (RLIN) 59757
Término indicativo de función/relación autor
245 13 - MENCIÓN DE TÍTULO
Título Los mangos bajitos y otras décimas /
Mención de responsabilidad, etc. Juan Antonio Alix ; director editorial: Claudia Llibre ; director de arte y producción: Moises Kelly Santana ; subdirector de arte: Lilian Salcedo Fernández ; diagramación: Ana Gómez Otaño ; edición: Luis Beiro, Andrés Blanco Díaz ; ilustración de cubierta: Guillermo Pérez ; biografía del autor : Juan Ramón López
250 ## - MENCIÓN DE EDICIÓN
Mención de edición Primera edición
260 ## - PUBLICACIÓN, DISTRIBUCIÓN, ETC.
Lugar de publicación, distribución, etc. Santo Domingo:
Nombre del editor, distribuidor, etc. Loqueleo :
-- Santillana,
Fecha de publicación, distribución, etc. 2018
300 ## - DESCRIPCIÓN FÍSICA
Extensión 108 páginas :
Dimensiones 19 x 12 cm
490 ## - MENCIÓN DE SERIE
Mención de serie Serie azul / Antología poética
Número de parte o sección de la obra + 12
500 ## - NOTA GENERAL
Nota general Incluye biografía del autor al inicio de la obra, comentario de la misma en la contraportada
521 ## - NOTA DE PÚBLICO DESTINATARIO
Nota de público destinatario + 12
653 #7 - TÉRMINO DE INDIZACIÓN--NO CONTROLADO
Término no controlado Poesías populares dominicanas
653 #7 - TÉRMINO DE INDIZACIÓN--NO CONTROLADO
Término no controlado Décimas dominicanas
653 #7 - TÉRMINO DE INDIZACIÓN--NO CONTROLADO
Término no controlado Literatura dominicana
700 10 - PUNTO DE ACCESO ADICIONAL--NOMBRE DE PERSONA
Nombre de persona Llibre, Claudia
9 (RLIN) 115216
Término indicativo de función/relación dirección editorial
700 10 - PUNTO DE ACCESO ADICIONAL--NOMBRE DE PERSONA
Nombre de persona Kelly Santana, Moisés
9 (RLIN) 115217
Término indicativo de función/relación director de arte
-- productor
700 10 - PUNTO DE ACCESO ADICIONAL--NOMBRE DE PERSONA
Nombre de persona Salcedo Fernández, Lilian
9 (RLIN) 115218
Término indicativo de función/relación subdirector de arte
700 10 - PUNTO DE ACCESO ADICIONAL--NOMBRE DE PERSONA
Nombre de persona Gómez Otaño, Ana
9 (RLIN) 115219
Término indicativo de función/relación diagramador
700 10 - PUNTO DE ACCESO ADICIONAL--NOMBRE DE PERSONA
Nombre de persona Beiro Álvarez, Luis,
Fechas asociadas al nombre 1950 -
9 (RLIN) 91101
Término indicativo de función/relación editor
700 10 - PUNTO DE ACCESO ADICIONAL--NOMBRE DE PERSONA
Nombre de persona Blanco Díaz, Andrés,
Fechas asociadas al nombre 1954-
9 (RLIN) 144547
Término indicativo de función/relación editor
700 10 - PUNTO DE ACCESO ADICIONAL--NOMBRE DE PERSONA
Nombre de persona Pérez, Guillermo
9 (RLIN) 53470
Término indicativo de función/relación ilustrador de cubierta
700 10 - PUNTO DE ACCESO ADICIONAL--NOMBRE DE PERSONA
Nombre de persona López, José Ramón,
Fechas asociadas al nombre 1866-1922
9 (RLIN) 4603
Término indicativo de función/relación biógrafo del autor
942 ## - ELEMENTOS DE PUNTO DE ACCESO ADICIONAL (KOHA)
Fuente del sistema de clasificación o colocación Sistema de Clasificación Decimal Dewey
Tipo de ítem Koha Libro (general)
Existencias
Estado de retiro Estado de pérdida Fuente del sistema de clasificación o colocación No para préstamo Código de colección Localización permanente Fecha de adquisición Total de préstamos Signatura topográfica completa Código de barras Fecha visto por última vez Número de copia Precio válido a partir de Tipo de ítem Koha
  Disponible Sistema de Clasificación Decimal Dewey No se presta Fondo Bibliográfico IBBY-UNIBE Biblioteca Central UNIBE 11/03/2026   FBIU L D AL414m FBIU0945 22/05/2026 Ej. 1 22/05/2026 Libro (reserva)